000 00905 a2200253 4500
999 _c628
_d628
020 _a9241300825 (pbk.) :
050 0 0 _aRA427
_bFLA 1986
100 1 _aFlahault, Daniel.
245 1 0 _aLeadership for primary health care :
_blevels, functions, and requirements based on twelve case studies /
_cDaniel Flahault, Milton I. Roemer.
264 _aGeneva
_bWorld Health Organisation
_c1986
300 _avii, 72 p. ;
336 _2rdacontent
_atext
_btxt
337 _2rdamedia
_aunmediated
_bn
338 _2rdacarrier
_avolume
_bnc
440 0 _aPublic health papers,
500 _aHealth Care
504 _aIncludes bibliographical references.
650 0 _aPrimary health care
_xAdministration
_xCase studies.
650 0 _aLeadership
_xCase studies.
650 0 _aPrimary health care
_xAdministration.
650 0 _aLeadership.
700 1 _aRoemer, Milton Irwin,
_d1916-
942 _2lcc
_cBK
_h427
_iFLA
_kRA